[Event "EOBCC 2020"]
[Site "Online"]
[Date "2020.12.18"]
[Round "6.64"]
[White "Gurbanov, Andrei"]
[Black "Costachi, Mihnea"]
[Result "0-1"]
[WhiteElo "2289"]
[BlackElo "2471"]
[Annotator "ChessBase"]
[PlyCount "56"]
[EventDate "2020.12.18"]
[EventType "tourn"]
[EventCountry "NET"]
[SourceTitle "playchess.com"]
[Source "ChessBase"]
[SourceQuality "1"]

1. d4 Nf6 2. c4 g6 3. Nc3 Bg7 4. e4 O-O 5. Be3 d6 6. f3 c5 7. Nge2 Nc6 8. d5 Ne5 9. Ng3 e6 10. Be2 exd5 11. cxd5 b5 12. Bxb5 Rb8 13. Qc2 h5 14. O-O h4 15. Nh1 h3 16. g3 Qa5 17. Be2 Ba6 18. Rac1 Bxe2 19. Qxe2 Qb4 20. b3 Rfe8 21. Nf2 c4 22. Nxh3 cxb3 23. axb3 Qxb3 24. Nf2 Rec8 25. Bxa7 Rb4 26. Na2 Rxc1 27. Nxc1 Qa3 28. Be3 Rb2 0-1

[Event "EOBCC 2020"]
[Site "Online"]
[Date "2020.12.18"]
[Round "6.65"]
[White "Golubov, Saveliy"]
[Black "Eren, Ataberk"]
[Result "1-0"]
[WhiteElo "2470"]
[BlackElo "2321"]
[Annotator "TA"]
[PlyCount "109"]
[EventDate "2020.12.18"]
[EventType "tourn"]
[EventCountry "NET"]
[SourceTitle "playchess.com"]
[Source "ChessBase"]
[SourceQuality "1"]

1. d4 Nf6 2. Nf3 d5 3. c3 Bf5 4. Bf4 c6 5. e3 Nbd7 6. h3 e6 7. Nbd2 Be7 8. Be2 O-O 9. O-O Re8 10. Ne5 Nxe5 11. dxe5 Nd7 12. Bh2 Bg6 13. Bh5 Qb6 14. Bxg6 hxg6 15. Rb1 c5 16. e4 Qc6 17. Qe2 Nf8 18. f4 Rad8 19. f5 exf5 20. exf5 gxf5 21. Rxf5 f6 22. Qg4 Qe6 23. Rbf1 Nh7 24. Nf3 d4 25. Nh4 d3 26. Ng6 d2 27. Nf4 Qc4 28. Qd1 Qe4 29. Ng6 Bf8 30. Kh1 c4 31. Nxf8 Rxf8 32. R5f4 Qxe5 33. Rd4 Qe3 34. Bf4 Qe6 35. Qxd2 Rde8 36. Rd1 Rf7 37. Kh2 Nf8 38. Bg3 Ng6 39. Rd8 Nf8 40. Rxe8 Qxe8 41. Qd5 Qe6 42. a4 Qxd5 43. Rxd5 Rd7 44. Rc5 Rd2 45. Rc8 Kf7 46. Rc7+ Kg6 47. Rxb7 Ne6 48. a5 Ng5 49. Bf4 Rd5 50. Bxg5 Rxg5 51. a6 Ra5 52. Rxa7 Rb5 53. Rb7 Ra5 54. a7 Kf5 55. Rxg7 1-0

[Event "EOBCC 2020"]
[Site "Online"]
[Date "2020.12.18"]
[Round "6.66"]
[White "Schitco, Ivan"]
[Black "Gurvich, Vitaly"]
[Result "1-0"]
[WhiteElo "2467"]
[BlackElo "2230"]
[Annotator "ChessBase"]
[PlyCount "149"]
[EventDate "2020.12.18"]
[EventType "tourn"]
[EventCountry "NET"]
[SourceTitle "playchess.com"]
[Source "ChessBase"]
[SourceQuality "1"]

1. c4 e5 2. g3 h5 3. Nf3 e4 4. Nh4 Be7 5. Nf5 d5 6. Nxe7 Qxe7 7. cxd5 Nf6 8. h3 Nxd5 9. Nc3 Nb6 10. Bg2 Bf5 11. a4 a5 12. b3 Nc6 13. Ba3 Qe5 14. Nb5 O-O-O 15. Qc1 f6 16. Qc3 Qe6 17. Rc1 Kb8 18. Bc5 Nd5 19. Qc4 Rhe8 20. h4 Rd7 21. O-O Bh3 22. Be3 Bxg2 23. Kxg2 g5 24. Rh1 g4 25. Rhd1 f5 26. Bg5 Ncb4 27. Nd4 Qf7 28. Nb5 c6 29. Nc3 Nxc3 30. dxc3 Qxc4 31. bxc4 Rxd1 32. Rxd1 Na6 33. Be3 Kc7 34. Kf1 b6 35. Bf4+ Kc8 36. Rd6 Nc5 37. Rxc6+ Kb7 38. Rh6 Nxa4 39. Rxh5 Nxc3 40. Rxf5 a4 41. Bd2 Nb1 42. Bc1 a3 43. Rb5 a2 44. Bb2 Nd2+ 45. Ke1 Nxc4 46. Ba1 e3 47. h5 exf2+ 48. Kxf2 Rf8+ 49. Ke1 Ne3 50. Kd2 Nf1+ 51. Kd3 Rd8+ 52. Kc2 Ne3+ 53. Kb3 Rd1 54. Kxa2 Rh1 55. Bd4 Nc4 56. Kb3 Nd2+ 57. Kc2 Ne4 58. Rxb6+ Kc7 59. Rg6 Rxh5 60. Rxg4 Nd6 61. Kd3 Kd7 62. e3 Ne8 63. Rg6 Nd6 64. g4 Rh1 65. Be5 Nf7 66. Bf4 Ke7 67. Ke4 Ra1 68. Rb6 Ra4+ 69. Kf5 Ra5+ 70. Kg6 Ra7 71. g5 Nh8+ 72. Kf5 Kf7 73. g6+ Nxg6 74. Rf6+ Ke7 75. Rxg6 1-0

[Event "EOBCC 2020"]
[Site "Online"]
[Date "2020.12.18"]
[Round "6.67"]
[White "Fernandez, Daniel Howard"]
[Black "Jagodzinski, Piotr"]
[Result "1-0"]
[WhiteElo "2466"]
[BlackElo "2145"]
[Annotator "ChessBase"]
[PlyCount "73"]
[EventDate "2020.12.18"]
[EventType "tourn"]
[EventCountry "NET"]
[SourceTitle "playchess.com"]
[Source "ChessBase"]
[SourceQuality "1"]

1. Nf3 Nf6 2. g3 d5 3. Bg2 e6 4. O-O Be7 5. b3 O-O 6. Bb2 c5 7. e3 Nc6 8. Ne5 Nxe5 9. Bxe5 b6 10. f4 Bb7 11. Qe2 Nd7 12. Bb2 Bf6 13. Bxf6 Nxf6 14. d3 Qc7 15. Nd2 Rad8 16. h3 Rfe8 17. Nf3 Nd7 18. Qf2 b5 19. a4 b4 20. a5 Ba6 21. Rfe1 c4 22. d4 cxb3 23. cxb3 Rc8 24. Ne5 Nf6 25. g4 Qc3 26. g5 Ne4 27. Bxe4 dxe4 28. f5 exf5 29. Qxf5 Qxb3 30. Rab1 Qa2 31. Rxb4 Rc2 32. Qxe4 Rh2 33. Ng4 Rc8 34. Nxh2 Qxa5 35. Reb1 Qxg5+ 36. Kh1 Qd8 37. Qe5 1-0

[Event "EOBCC 2020"]
[Site "Online"]
[Date "2020.12.18"]
[Round "6.68"]
[White "Kovalenko, Igor"]
[Black "Soltanici, Ruslan"]
[Result "1-0"]
[WhiteElo "2643"]
[BlackElo "2410"]
[Annotator "TA"]
[PlyCount "69"]
[EventDate "2020.12.18"]
[EventType "tourn"]
[EventCountry "NET"]
[SourceTitle "playchess.com"]
[Source "ChessBase"]
[SourceQuality "1"]

1. d4 Nf6 2. Nf3 e6 3. e3 b6 4. Bd3 Bb7 5. O-O c5 6. c4 Be7 7. Nc3 d6 8. d5 exd5 9. cxd5 a6 10. e4 O-O 11. a4 Re8 12. Nd2 Nbd7 13. f4 Bf8 14. Qf3 Rb8 15. b3 g6 16. Bb2 Bg7 17. Rab1 Nh5 18. Nc4 Bd4+ 19. Kh1 Qc7 20. g4 Ng7 21. h4 Bc8 22. g5 Nh5 23. Ne3 f5 24. Ne2 Bxb2 25. Rxb2 fxe4 26. Bxe4 Rf8 27. Ng4 Ne5 28. Nh6+ Kh8 29. fxe5 Rxf3 30. Rxf3 Bb7 31. Rf7 Qd8 32. e6 Ba8 33. Kg2 Rb7 34. Ng3 Nxg3 35. Kxg3 1-0

[Event "EOBCC 2020"]
[Site "Online"]
[Date "2020.12.18"]
[Round "6.69"]
[White "Heimann, Andreas"]
[Black "Gaehwiler, Gabriel"]
[Result "1-0"]
[WhiteElo "2606"]
[BlackElo "2408"]
[Annotator "ChessBase"]
[PlyCount "117"]
[EventDate "2020.12.18"]
[EventType "tourn"]
[EventCountry "NET"]
[SourceTitle "playchess.com"]
[Source "ChessBase"]
[SourceQuality "1"]

1. d4 Nf6 2. c4 g6 3. Nc3 Bg7 4. e4 O-O 5. Be2 d6 6. Be3 c5 7. d5 e6 8. Nf3 exd5 9. cxd5 Ng4 10. Bf4 f5 11. exf5 Bxf5 12. O-O Qb6 13. Qb3 Ne5 14. Nxe5 dxe5 15. Be3 Nd7 16. Bb5 Rfc8 17. d6+ Kh8 18. Rfd1 a6 19. Bxd7 Qxb3 20. axb3 Bxd7 21. Nd5 Rc6 22. Ne7 Rb6 23. Ra3 Rb5 24. Nd5 Rf8 25. Nc7 Rb6 26. Bxc5 Rc6 27. b4 Rf6 28. Nd5 Rf7 29. Ne7 Bf6 30. Nxc6 Bxc6 31. Bb6 Rd7 32. Re3 Kg8 33. h3 e4 34. b3 Kf7 35. Re2 Bc3 36. Bc5 Bf6 37. Red2 Bg5 38. Rc2 Bf6 39. Bb6 Ke6 40. Bc7 Bb5 41. Rc5 Bd3 42. f3 Bd4+ 43. Kh2 Bxc5 44. bxc5 Kd5 45. fxe4+ Kxe4 46. Re1+ Kd5 47. Kg3 Kxc5 48. Kf4 Rf7+ 49. Kg5 Bf5 50. Re7 Rxe7 51. dxe7 Bd7 52. Kh6 Kb4 53. Kxh7 Kxb3 54. Kxg6 b5 55. h4 Be8+ 56. Kg5 b4 57. h5 Kc2 58. h6 b3 59. Be5 1-0

[Event "EOBCC 2020"]
[Site "Online"]
[Date "2020.12.18"]
[Round "6.70"]
[White "Yankelevich, Lev"]
[Black "Bosiocic, Marin"]
[Result "1-0"]
[WhiteElo "2416"]
[BlackElo "2602"]
[Annotator "TA"]
[PlyCount "79"]
[EventDate "2020.12.18"]
[EventType "tourn"]
[EventCountry "NET"]
[SourceTitle "playchess.com"]
[Source "ChessBase"]
[SourceQuality "1"]

1. Nf3 d6 2. d4 Nf6 3. c4 g6 4. Nc3 Bf5 5. Nh4 Bd7 6. Nf3 Nc6 7. d5 Nb4 8. e4 Bg7 9. h3 a5 10. Be3 O-O 11. Qd2 e6 12. a3 Na6 13. dxe6 Bxe6 14. O-O-O Nd7 15. Kb1 Nac5 16. Bg5 Qb8 17. Bh6 Ne5 18. h4 Bxh6 19. Qxh6 Ng4 20. Qd2 h5 21. Nd4 Ne5 22. f4 Nxc4 23. Qc1 b5 24. f5 Nxa3+ 25. bxa3 b4 26. Ncb5 Nxe4 27. fxe6 fxe6 28. Bd3 Nc3+ 29. Ka1 Rf2 30. Nxc3 bxc3 31. Qxc3 e5 32. Nc6 Qf8 33. Rhf1 Kg7 34. Bc4 Qf4 35. Rxf2 Qxf2 36. Rf1 Qxh4 37. Rf7+ Kh8 38. Qd2 g5 39. Qc2 e4 40. Qb2+ 1-0

[Event "EOBCC 2020"]
[Site "Online"]
[Date "2020.12.18"]
[Round "6.71"]
[White "Sargsyan, Shant"]
[Black "Bykhovsky, Avigdor"]
[Result "1-0"]
[WhiteElo "2596"]
[BlackElo "2400"]
[Annotator "ChessBase"]
[PlyCount "57"]
[EventDate "2020.12.18"]
[EventType "tourn"]
[EventCountry "NET"]
[SourceTitle "playchess.com"]
[Source "ChessBase"]
[SourceQuality "1"]

1. d4 Nf6 2. c4 e6 3. Nf3 b6 4. g3 Ba6 5. Qa4 Bb7 6. Bg2 c5 7. dxc5 bxc5 8. O-O Be7 9. Rd1 O-O 10. Nc3 Qb6 11. Bf4 d6 12. Rd2 Rd8 13. Rad1 a6 14. h3 h6 15. g4 e5 16. Bg3 Nc6 17. e3 Qb4 18. Nh4 Bf8 19. Bxc6 Bxc6 20. Qxc6 Qxc4 21. Nd5 Nxd5 22. Qxd5 Qxd5 23. Rxd5 Rdb8 24. b3 g6 25. Nf3 a5 26. Nd2 a4 27. Ne4 axb3 28. axb3 Rxb3 29. Nxd6 1-0

[Event "EOBCC 2020"]
[Site "Online"]
[Date "2020.12.18"]
[Round "6.72"]
[White "Keymer, Vincent"]
[Black "Neuman, Petr"]
[Result "1-0"]
[WhiteElo "2588"]
[BlackElo "2393"]
[Annotator "ChessBase"]
[PlyCount "43"]
[EventDate "2020.12.18"]
[EventType "tourn"]
[EventCountry "NET"]
[SourceTitle "playchess.com"]
[Source "ChessBase"]
[SourceQuality "1"]

1. d4 d5 2. c4 c6 3. Nf3 Nf6 4. e3 Bf5 5. Nc3 a6 6. Nh4 Bg4 7. Qb3 b5 8. cxd5 cxd5 9. h3 Bd7 10. Nxd5 Nxd5 11. Qxd5 Nc6 12. Nf3 Rc8 13. Bd2 e6 14. Qb3 Na5 15. Qd1 Bd6 16. Rc1 Nc4 17. Bxc4 Rxc4 18. Rxc4 bxc4 19. O-O Qb6 20. Bc3 Bc6 21. Nd2 Bb8 22. Qg4 1-0

[Event "EOBCC 2020"]
[Site "Online"]
[Date "2020.12.18"]
[Round "6.73"]
[White "Rustemov, Alexander"]
[Black "Baskin, Robert"]
[Result "1-0"]
[WhiteElo "2525"]
[BlackElo "2390"]
[Annotator "ChessBase"]
[PlyCount "49"]
[EventDate "2020.12.18"]
[EventType "tourn"]
[EventCountry "NET"]
[SourceTitle "playchess.com"]
[Source "ChessBase"]
[SourceQuality "1"]

1. d4 Nf6 2. Nf3 d5 3. c4 c6 4. e3 e6 5. b3 Nbd7 6. Bd3 Bd6 7. O-O O-O 8. Bb2 b6 9. Nbd2 Bb7 10. Qc2 Qe7 11. e4 dxe4 12. Nxe4 Nxe4 13. Bxe4 f5 14. Bd3 c5 15. d5 exd5 16. Rfe1 Qf7 17. cxd5 Rae8 18. Re6 Bb8 19. Bc4 b5 20. Bxb5 Bxd5 21. Rxe8 Rxe8 22. Rd1 Nb6 23. Bxe8 Qxe8 24. Qxf5 Be4 25. Re1 1-0

[Event "EOBCC 2020"]
[Site "Online"]
[Date "2020.12.18"]
[Round "6.74"]
[White "Ioannidis, Evgenios"]
[Black "Hjartarson, Johann"]
[Result "0-1"]
[WhiteElo "2411"]
[BlackElo "2525"]
[Annotator "ChessBase"]
[PlyCount "70"]
[EventDate "2020.12.18"]
[EventType "tourn"]
[EventCountry "NET"]
[SourceTitle "playchess.com"]
[Source "ChessBase"]
[SourceQuality "1"]

1. d4 Nf6 2. c4 e6 3. Nc3 Bb4 4. Qc2 c5 5. dxc5 O-O 6. Nf3 Na6 7. a3 Bxc3+ 8. Qxc3 Nxc5 9. b4 Nce4 10. Qc2 b6 11. e3 Bb7 12. Bb2 d5 13. Rc1 Rc8 14. Qb1 dxc4 15. Bxc4 Bd5 16. Bxd5 Qxd5 17. O-O b5 18. Rfd1 Qb7 19. Bd4 a6 20. Qb2 Rxc1 21. Rxc1 Rc8 22. Ne5 Nd5 23. Nd3 f6 24. f3 Nd6 25. Nc5 Qc6 26. e4 Nb6 27. Qb3 Ndc4 28. Nxa6 Ra8 29. Nc5 Rxa3 30. Qb1 h6 31. Rd1 e5 32. Bf2 Qa8 33. h4 Ra2 34. Qd3 Kh7 35. h5 Nb2 0-1

[Event "EOBCC 2020"]
[Site "Online"]
[Date "2020.12.18"]
[Round "6.75"]
[White "Djukic, Nikola"]
[Black "Rodin, Dmitrij"]
[Result "1-0"]
[WhiteElo "2521"]
[BlackElo "2370"]
[Annotator "ChessBase"]
[PlyCount "111"]
[EventDate "2020.12.18"]
[EventType "tourn"]
[EventCountry "NET"]
[SourceTitle "playchess.com"]
[Source "ChessBase"]
[SourceQuality "1"]

1. e4 c5 2. Nf3 e6 3. d4 cxd4 4. Nxd4 a6 5. Nc3 Qc7 6. Bd3 g6 7. h4 Bg7 8. Be3 Nc6 9. Nxc6 Qxc6 10. h5 Ne7 11. Qd2 b5 12. O-O-O Bb7 13. Kb1 Rc8 14. Ne2 d5 15. f3 Rd8 16. Qa5 O-O 17. hxg6 hxg6 18. Bh6 dxe4 19. fxe4 Bxh6 20. Rxh6 Kg7 21. Rdh1 Rh8 22. Qd2 Qc5 23. Qf4 e5 24. Qh4 Rxh6 25. Qxh6+ Kf6 26. Rf1+ Ke6 27. Qg5 Rf8 28. Qh6 Ng8 29. Qh3+ Ke7 30. a3 Nf6 31. Qh4 Qd6 32. Nc1 Rc8 33. Nb3 Rc6 34. Na5 Rb6 35. Nxb7 Rxb7 36. Qg5 b4 37. axb4 Rxb4 38. Kc1 a5 39. b3 a4 40. Bc4 axb3 41. cxb3 Qc6 42. Qxe5+ Kf8 43. Rxf6 Rxc4+ 44. bxc4 Qxc4+ 45. Kd2 Qa2+ 46. Ke3 Qa3+ 47. Kf2 Qa7+ 48. Kg3 Qe3+ 49. Rf3 Qe1+ 50. Kh3 Qh1+ 51. Qh2 Qe1 52. Qd6+ Kg8 53. Qd8+ Kg7 54. Qf6+ Kh6 55. Qh4+ Kg7 56. Qxe1 1-0

[Event "EOBCC 2020"]
[Site "Online"]
[Date "2020.12.18"]
[Round "6.76"]
[White "Lodici, Lorenzo"]
[Black "Mroziak, Maciej"]
[Result "1-0"]
[WhiteElo "2483"]
[BlackElo "2369"]
[Annotator "ChessBase"]
[PlyCount "67"]
[EventDate "2020.12.18"]
[EventType "tourn"]
[EventCountry "NET"]
[SourceTitle "playchess.com"]
[Source "ChessBase"]
[SourceQuality "1"]

1. e4 e6 2. d4 d5 3. Nc3 Nf6 4. e5 Nfd7 5. f4 c5 6. Nf3 Nc6 7. Be3 cxd4 8. Nxd4 Bc5 9. Qd2 O-O 10. Be2 a6 11. O-O Nxd4 12. Bxd4 f5 13. exf6 Qxf6 14. Bxc5 Nxc5 15. Rae1 d4 16. Nd1 b5 17. Qb4 Nd7 18. Bf3 Rb8 19. Re4 Bb7 20. Rxd4 Bxf3 21. Rxf3 Rf7 22. Ne3 a5 23. Qd2 Nf8 24. Ng4 Qe7 25. Ne5 Rf5 26. Nc6 Qc7 27. Nxb8 Qxb8 28. Rd8 Qc7 29. g3 h6 30. Qd3 b4 31. Re3 a4 32. Rxe6 Qa7+ 33. Kf1 a3 34. Qxf5 1-0

[Event "EOBCC 2020"]
[Site "Online"]
[Date "2020.12.18"]
[Round "6.77"]
[White "Gadimbayli, Abdulla"]
[Black "Hollan, Martin"]
[Result "0-1"]
[WhiteElo "2470"]
[BlackElo "2346"]
[Annotator "ChessBase"]
[PlyCount "86"]
[EventDate "2020.12.18"]
[EventType "tourn"]
[EventCountry "NET"]
[SourceTitle "playchess.com"]
[Source "ChessBase"]
[SourceQuality "1"]

1. e4 e5 2. Nf3 Nc6 3. Nc3 Nf6 4. d4 exd4 5. Nxd4 Bb4 6. Nxc6 bxc6 7. Bd3 d5 8. exd5 O-O 9. O-O Bg4 10. f3 Bh5 11. Bg5 Bxc3 12. bxc3 cxd5 13. Rb1 Bg6 14. Qd2 Qd6 15. Kh1 Rab8 16. Rb3 Rfe8 17. Rxb8 Rxb8 18. Re1 Qc6 19. Be3 a5 20. Bd4 Re8 21. g3 Qd7 22. Kg2 Bxd3 23. cxd3 Rxe1 24. Qxe1 Qa4 25. Qe2 Qe8 26. Qd2 Qe6 27. Kf2 Qf5 28. Qe2 h6 29. Kg2 Kh7 30. g4 Qf4 31. Be5 Qc1 32. c4 c6 33. Bb2 Qb1 34. Bxf6 gxf6 35. cxd5 cxd5 36. Qd2 a4 37. a3 Qb3 38. Qf4 Kg7 39. Qd6 Qxd3 40. h4 d4 41. Kf2 Qd2+ 42. Kg3 d3 43. Kh3 Qe3 0-1

[Event "EOBCC 2020"]
[Site "Online"]
[Date "2020.12.18"]
[Round "6.78"]
[White "Erdogdu, Mert"]
[Black "Davtyan, Artur"]
[Result "0-1"]
[WhiteElo "2396"]
[BlackElo "2466"]
[Annotator "ChessBase"]
[PlyCount "48"]
[EventDate "2020.12.18"]
[EventType "tourn"]
[EventCountry "NET"]
[SourceTitle "playchess.com"]
[Source "ChessBase"]
[SourceQuality "1"]

1. e4 e5 2. Nf3 Nc6 3. Bc4 Bc5 4. c3 Nf6 5. d4 exd4 6. b4 Be7 7. e5 Ne4 8. Bd5 Nxc3 9. Nxc3 dxc3 10. O-O Nxb4 11. Bb3 O-O 12. Bf4 d6 13. Qe2 dxe5 14. Nxe5 Nd5 15. Bg3 Be6 16. Rad1 c6 17. f4 Qb6+ 18. Bf2 Bc5 19. Bxd5 cxd5 20. Rb1 Bxf2+ 21. Rxf2 Qc5 22. f5 Bxf5 23. Rb5 Qd4 24. Nf3 Qd3 0-1

[Event "EOBCC 2020"]
[Site "Online"]
[Date "2020.12.18"]
[Round "6.79"]
[White "Coenen, Michael"]
[Black "Shahinyan, David"]
[Result "0-1"]
[WhiteElo "2362"]
[BlackElo "2452"]
[Annotator "TA"]
[PlyCount "124"]
[EventDate "2020.12.18"]
[EventType "tourn"]
[EventCountry "NET"]
[SourceTitle "playchess.com"]
[Source "ChessBase"]
[SourceQuality "1"]

1. d4 Nf6 2. g3 g6 3. Bg2 Bg7 4. Nf3 d6 5. O-O Nbd7 6. c3 O-O 7. Bg5 h6 8. Bxf6 Nxf6 9. Nbd2 Re8 10. Qb3 Rb8 11. Rfe1 e5 12. dxe5 dxe5 13. e4 Be6 14. Qa4 a6 15. Rad1 Nd7 16. Qc2 Qe7 17. Nf1 b5 18. b3 c6 19. Rd2 a5 20. Red1 Nc5 21. Ne1 Bg4 22. Rc1 Red8 23. Ne3 Rxd2 24. Qxd2 Rd8 25. Qc2 Be6 26. Rd1 Rxd1 27. Qxd1 a4 28. b4 Bxa2 29. bxc5 Qxc5 30. Qc2 Be6 31. Nd3 Qa7 32. Nb4 Bb3 33. Qb2 c5 34. Nbc2 Bf8 35. Bf1 b4 36. cxb4 cxb4 37. Qxe5 a3 38. Ng4 Bg7 39. Qe8+ Kh7 40. Nxb4 Qc5 41. Qb8 a2 42. Nxa2 Bxa2 43. e5 Qd4 44. Qd6 Qa1 45. Qc5 Be6 46. Nf6+ Bxf6 47. exf6 Qxf6 48. Qe3 Qa1 49. Qd3 Bh3 50. Qe2 Kg7 51. f3 h5 52. Kf2 Qd4+ 53. Qe3 Qxe3+ 54. Kxe3 Bxf1 55. Kf4 Ba6 56. h4 f6 57. Ke3 Bb7 58. Kf4 Kf7 59. g4 Ke6 60. Ke3 Bc8 61. Kf4 Kf7 62. Ke3 hxg4 0-1

[Event "EOBCC 2020"]
[Site "Online"]
[Date "2020.12.18"]
[Round "6.81"]
[White "Papp, Petra"]
[Black "Hess, Max"]
[Result "0-1"]
[WhiteElo "2336"]
[BlackElo "2430"]
[Annotator "ChessBase"]
[PlyCount "84"]
[EventDate "2020.12.18"]
[EventType "tourn"]
[EventCountry "NET"]
[SourceTitle "playchess.com"]
[Source "ChessBase"]
[SourceQuality "1"]

1. e4 e5 2. Nf3 Nc6 3. Bb5 g6 4. c3 a6 5. Ba4 d6 6. d4 Bd7 7. O-O Bg7 8. Bg5 f6 9. Be3 Nh6 10. Bb3 Qe7 11. a4 Nf7 12. Nbd2 f5 13. dxe5 dxe5 14. exf5 gxf5 15. Re1 O-O-O 16. Nc4 Qf6 17. Qe2 Rde8 18. a5 f4 19. Bc5 e4 20. Nd4 Rhg8 21. Nxc6 Qxc6 22. Nb6+ cxb6 23. Bxf7 f3 24. Qc4 b5 25. Qd5 Bf8 26. Bxg8 Bxc5 27. Qxc6+ Bxc6 28. Bb3 Re7 29. g3 h5 30. h4 Rg7 31. Kh2 Bxf2 32. Be6+ Kc7 33. Red1 Bxg3+ 34. Kh3 e3 35. Rg1 Be5 36. Rxg7+ Bxg7 37. Kg3 Be5+ 38. Kh3 Kd6 39. Bf5 Ke7 40. Bd3 Kf6 41. Re1 Bd7+ 42. Bf5 Bxf5# 0-1

[Event "EOBCC 2020"]
[Site "Online"]
[Date "2020.12.18"]
[Round "6.82"]
[White "Kosakowski, Jakub"]
[Black "Tarasova, Viktoriya"]
[Result "1-0"]
[WhiteElo "2431"]
[BlackElo "2226"]
[Annotator "TA"]
[PlyCount "95"]
[EventDate "2020.12.18"]
[EventType "tourn"]
[EventCountry "NET"]
[SourceTitle "playchess.com"]
[Source "ChessBase"]
[SourceQuality "1"]

1. e4 e5 2. Nf3 Nc6 3. Bb5 Nf6 4. O-O Nxe4 5. Re1 Nd6 6. Nxe5 Be7 7. Bd3 Nxe5 8. Rxe5 O-O 9. Nc3 Bf6 10. Re3 g6 11. b3 Re8 12. Ba3 Rxe3 13. fxe3 Ne8 14. Qf3 c6 15. e4 d6 16. Rf1 Be6 17. Kh1 Bg7 18. Bc4 Bxc4 19. bxc4 Qd7 20. Ne2 Rd8 21. Ng3 Nc7 22. d3 Ne6 23. Bc1 Nd4 24. Qf2 b5 25. Be3 c5 26. cxb5 Nxb5 27. Bg5 Re8 28. Bf6 Qe6 29. Bxg7 Kxg7 30. a4 Nd4 31. c3 Nc6 32. d4 Qe7 33. Qe3 cxd4 34. cxd4 Kg8 35. Rc1 Qb7 36. h4 Ne7 37. Qf4 d5 38. e5 Rc8 39. Rf1 Nc6 40. h5 Qe7 41. Qg4 Qe6 42. Qh4 Qe7 43. Rf6 Kh8 44. Qh3 Rc7 45. hxg6 fxg6 46. Rxg6 Nxd4 47. Rf6 Rc1+ 48. Kh2 1-0

[Event "EOBCC 2020"]
[Site "Online"]
[Date "2020.12.18"]
[Round "6.83"]
[White "Fecker, Noah"]
[Black "Atalik, Ekaterina"]
[Result "1-0"]
[WhiteElo "2329"]
[BlackElo "2450"]
[Annotator "RC"]
[PlyCount "63"]
[EventDate "2020.12.18"]
[EventType "tourn"]
[EventCountry "NET"]
[SourceTitle "playchess.com"]
[Source "ChessBase"]
[SourceQuality "1"]

1. e4 c6 2. d4 d5 3. Nc3 dxe4 4. Nxe4 Bf5 5. Ng3 Bg6 6. h4 h6 7. Nh3 Nd7 8. Nf4 Bh7 9. Bc4 Ngf6 10. O-O Nb6 11. Bb3 Nbd5 12. Re1 e6 13. Nxd5 cxd5 14. Nh5 Nxh5 15. Ba4+ Ke7 16. b3 g6 17. Qe2 Qd6 18. c4 Nf6 19. c5 Qc7 20. c6 b6 21. Qf3 Bg7 22. Bf4 Qc8 23. c7 Ne4 24. Rac1 Re8 25. Bxe8 Qxe8 26. Qd3 Nd6 27. Qa6 Rc8 28. Qb7 Bxd4 29. Qxd5 Bc5 30. Rxc5 bxc5 31. Bxd6+ Kf6 32. Qe5# 1-0

[Event "EOBCC 2020"]
[Site "Online"]
[Date "2020.12.18"]
[Round "6.84"]
[White "Han, Yichen"]
[Black "Socko, Monika"]
[Result "1/2-1/2"]
[WhiteElo "2307"]
[BlackElo "2421"]
[Annotator "ChessBase"]
[PlyCount "180"]
[EventDate "2020.12.18"]
[EventType "tourn"]
[EventCountry "NET"]
[SourceTitle "playchess.com"]
[Source "ChessBase"]
[SourceQuality "1"]

1. e4 e6 2. d4 d5 3. Nc3 Bb4 4. a3 Bxc3+ 5. bxc3 Ne7 6. Bd3 c5 7. e5 c4 8. Be2 Bd7 9. f4 Ba4 10. Nf3 Nbc6 11. O-O Qc7 12. Ra2 O-O-O 13. Qe1 h6 14. Bd2 Rdg8 15. Qf2 f5 16. Rb1 Nd8 17. Rab2 Bc6 18. h4 Nf7 19. Qg3 g6 20. Kf2 Rh7 21. Ke1 Rhg7 22. Be3 Qa5 23. Kd2 Qxa3 24. Qe1 a6 25. Rb4 Qa5 26. Ra1 Qc7 27. Qb1 Kd7 28. Ke1 Nc8 29. Bc1 Na7 30. Qa2 Nb5 31. Bd2 g5 32. hxg5 hxg5 33. Nxg5 Nxg5 34. fxg5 Rh8 35. Kf2 Qd8 36. Rbb1 Rxg5 37. Rh1 Rhg8 38. Bf3 R5g7 39. Qb2 Qe7 40. Rh6 Rh7 41. Rah1 Rgh8 42. Qc1 Rxh6 43. Rxh6 Rxh6 44. Bxh6 Nxc3 45. Qf4 Ne4+ 46. Kf1 a5 47. g4 fxg4 48. Bxg4 a4 49. Bf8 Qh7 50. Kg2 a3 51. Bxa3 Qg7 52. Kf3 b5 53. Qf8 Qxf8+ 54. Bxf8 Nc3 55. Bc5 Na4 56. Bb4 Nb2 57. Ke2 Na4 58. Kd2 Nb6 59. c3 Na8 60. Bc5 Nc7 61. Kc2 Kc8 62. Bd6 Bd7 63. Kb2 Na6 64. Ka3 Kb7 65. Be7 Kc6 66. Bf8 Nc7 67. Bd6 Ne8 68. Bf8 Bc8 69. Kb4 Kb6 70. Bc5+ Ka6 71. Be7 Kb6 72. Bc5+ Kc6 73. Ka5 Bd7 74. Be7 Ng7 75. Bf6 Nf5 76. Bxf5 exf5 77. Bg5 Be6 78. Bf4 Bf7 79. Bg5 Be8 80. Bf4 Kc7 81. Bg5 Kd7 82. Kxb5 Ke6+ 83. Kc5 Ba4 84. Bf4 Bb3 85. Bg5 Bc2 86. Bf4 Be4 87. Bg5 Bd3 88. Bf4 Be4 89. Bg5 Bd3 90. Bf4 Be4 1/2-1/2

[Event "EOBCC 2020"]
[Site "Online"]
[Date "2020.12.18"]
[Round "6.85"]
[White "Fedorchuk, Sergey A."]
[Black "Szczurek, Krzysztof"]
[Result "1-0"]
[WhiteElo "2616"]
[BlackElo "2031"]
[Annotator "TA"]
[PlyCount "61"]
[EventDate "2020.12.18"]
[EventType "tourn"]
[EventCountry "NET"]
[SourceTitle "playchess.com"]
[Source "ChessBase"]
[SourceQuality "1"]

1. e4 c5 2. Nf3 d6 3. d4 cxd4 4. Nxd4 Nf6 5. Nc3 a6 6. h3 e5 7. Nb3 Be7 8. g4 Be6 9. Bg2 O-O 10. Be3 b5 11. Qd2 Nbd7 12. Nd5 Bxd5 13. exd5 Nb6 14. Na5 Nc4 15. Nxc4 bxc4 16. O-O Qc7 17. b4 c3 18. Qd3 Rfc8 19. a4 Qb7 20. Rfb1 Nd7 21. Rb3 g6 22. Rab1 Bf6 23. Rxc3 Rxc3 24. Qxc3 Rc8 25. Qd3 Nb6 26. a5 Nc4 27. Bh6 Qb5 28. Bf1 Qa4 29. Qb3 Qxb3 30. cxb3 Nd2 31. Bxd2 1-0

[Event "EOBCC 2020"]
[Site "Online"]
[Date "2020.12.18"]
[Round "6.86"]
[White "Krayz, Alexander"]
[Black "Kantans, Toms"]
[Result "0-1"]
[WhiteElo "2346"]
[BlackElo "2501"]
[Annotator "ChessBase"]
[PlyCount "76"]
[EventDate "2020.12.18"]
[EventType "tourn"]
[EventCountry "NET"]
[SourceTitle "playchess.com"]
[Source "ChessBase"]
[SourceQuality "1"]

1. e4 c5 2. Nf3 Nf6 3. e5 Nd5 4. Nc3 e6 5. Nxd5 exd5 6. d4 Nc6 7. Be2 d6 8. O-O dxe5 9. dxe5 Be7 10. Re1 O-O 11. Bf4 Re8 12. Qd2 Bf8 13. Rad1 d4 14. h3 h6 15. c3 Qb6 16. Bd3 Be6 17. Bb1 Rad8 18. cxd4 cxd4 19. Qd3 g6 20. Qe2 Rd7 21. a3 a5 22. Bd3 a4 23. Rc1 Red8 24. Qd2 Na5 25. Rc2 Nb3 26. Qe2 Rc7 27. Rxc7 Qxc7 28. Nd2 Nc5 29. Ne4 Nxe4 30. Bxe4 Qb6 31. Rd1 Bb3 32. Rc1 Qe6 33. Bxb7 d3 34. Qd2 g5 35. Bg3 Bg7 36. Re1 Qc4 37. h4 Qc2 38. Rd1 Qxd1+ 0-1